000 01899cam a2200241 4500
001 ##L136001
008 101117n2010 000 0 eng u
035 _a(Sirsi) u136001
041 0 _aeng
110 1 _aUnited Kingdom
_bDepartment for Constitutional Affairs
_94899
245 0 4 _aThe UK Statute Law Database
_h[electronic resource]
520 _aThe official revised edition of primary UK legislation allows users to view amended legislation as it has changed over time, see how it will be affected by amendments not yet in force, and see how legislation has been amended for different jurisdictions. The following are held and maintained in revised form: Public General Acts of the UK Parliament (1801 to date); Acts of the Parliament of Great Britain (1707-1800); Acts of the English Parliament (1267-1706); Church of England Measures (1920 to date); Acts of the Scottish Parliament (1424-1707 and 1999 to date); and Acts of the Irish Parliament, Parliament of Northern Ireland, Northern Ireland Assembly (various dates). Also provides unrevised Local Acts of the UK Parliament (1991 to date) and unrevised UK and Scottish Statutory Instruments (1991 to date). Includes tables of legislative effects.
520 _aLegislation.gov.uk brings together the legislative content currently held on the OPSI website and revised legislation from the Statute Law Database to provide a single legislation service that replaces the OPSI and Statute Law Database services from 2010.
590 _aKA NTK
651 4 _aUnited Kingdom
_y
690 _aPROPERTY
690 _aBUILT ENVIRONMENT
690 _aENVIRONMENTAL AND LAND CONSULTANCY
690 _aMANAGEMENT
856 4 0 _uhttps://www.statutelaw.gov.uk
_zView the website free of charge at www.statutelaw.gov.uk...
856 4 0 _uhttps://www.legislation.gov.uk/
_zView the website free of charge at www.legislation.gov.uk
942 _n0
999 _c120547
_d120547